000 00283nam a22001337a 4500
003 SGT
082 _a615.015
_bB15H
100 _aHARBANS, LAL
245 _aBIOCHEMISTRY FOR B.SC. NURSING
250 _a3RD
260 _aDELHI
_bCBS PUB.
_c2015
300 _a136
942 _2ddc
_cBK
_098
999 _c8176
_d8176